MARC

LEADER 00000nas a2200000 a 4500
001 ssj0007218
003 WaSeSS
005 20200512172242.0
006 m d
007 cr n
008 860428d19861999enkqx p s o 0 a0eng c
010 |a sn 86037122  
016 7 |a 8610937  |2 DNLM 
016 7 |a SR0054195  |2 DNLM 
022 |l 0267-4653  |y 0267-4653 
035 |a (WaSeSS)ssj0007218 
040 |a UCH  |b eng  |c UCH  |d FUG  |d NLM  |d NST  |d NLM  |d NSD  |d NST  |d GUA  |d NLM  |d NLGGC  |d OCLCQ  |d OCLCF  |d OCLCO  |d OCLCQ  |d OCLCO  |d OCLCQ  |d OCLCO  |d WaSeSS 
042 |a pcc  |a nsdp 
050 1 4 |a RC556  |b .S476 
060 0 0 |a W1  |b SE996 
210 0 |a Sex. marital ther. 
222 0 |a Sexual and marital therapy 
245 0 0 |a Sexual and marital therapy  |h [electronic resource]. 
260 |a Abingdon, Oxfordshire :  |b Carfax Pub. Co.,  |c ©1986-1999. 
310 |a 4 no. a year,  |b 1996-1999 
321 |a Semiannual,  |b 1986- 
321 |a 3 no. a year,  |b <1991>-1995 
362 0 |a Vol. 1, no. 1-v. 14, no. 4 (Nov. 1999). 
500 |a Title from cover. 
500 |a Place of publication varies. 
506 |a License restrictions may limit access. 
550 |a "Journal of the Association of Sexual and Marital Therapists." 
650 0 |a Sexual disorders  |v Periodicals. 
650 0 |a Marital psychotherapy  |v Periodicals. 
650 0 |a Psychotherapy  |v Periodicals. 
650 7 |a Marital psychotherapy.  |2 fast  |0 (OCoLC)fst01010086 
650 7 |a Psychotherapy.  |2 fast  |0 (OCoLC)fst01081755 
650 7 |a Sexual disorders.  |2 fast  |0 (OCoLC)fst01114820 
650 1 7 |a Sekstherapie.  |2 gtt 
650 1 7 |a Relatietherapie.  |2 gtt 
650 2 |a Marital Therapy.  |0 https://id.nlm.nih.gov/mesh/D008388 
650 2 |a Sexual Dysfunction, Physiological  |x therapy.  |0 https://id.nlm.nih.gov/mesh/D012735Q000628 
655 0 |a Electronic journals. 
710 2 |a Association of Sexual and Marital Therapists. 
785 0 0 |t Sexual and relationship therapy  |x 1468-1994  |w (DLC) 00244915  |w (OCoLC)43628044 
850 |a DNLM  |a FU  |a IaU  |a MdU  |a MiU  |a MoU  |a NN  |a NNC  |a OCU  |a ViU 
856 4 0 |z Full text available from Research Library: 05/01/1998 to 11/30/1999  |u https://search.proquest.com/publication/46609